| 000 | 00610nam a22002177a 4500 | ||
|---|---|---|---|
| 003 | BUBTL | ||
| 008 | 160312b xxu||||| |||| 00| 0 eng d | ||
| 020 | _a978-81-315-1630-0 | ||
| 082 | _a658.4038 / Sch93m | ||
| 100 |
_9490 _aSchwalbe,Kathy |
||
| 245 |
_aManaging Information Technology Projects / _cKathy Schwalbe |
||
| 250 | _a6th ed | ||
| 260 |
_aAndover : _bCengage Learning, _cc2011. |
||
| 300 |
_axxv,490 p.: _c23 cm. |
||
| 500 | _aIncludes Index | ||
| 650 | 0 |
_aComputer Science _93438 |
|
| 760 | _b6th | ||
| 856 |
_k0 _l0 _yDownload |
||
| 942 |
_2ddc _cBK |
||
| 999 |
_c5185 _d5185 |
||